000 00618nam a2200181 a 4500
001 000036485
005 20200930075745.0
008 120118s2006 sp 000 0 spa d
020 _a8427032226
040 _aDO-SdBNP
_bspa
_cBNPHU
082 _axxxx
_bxxxx
100 1 _aFriedman, Thomas
_962716
245 1 3 _aLa tierra es plana :
_bbreve historia del mundo globalizado del siglo XXI /
_cThomas Friedman.
260 _aMadrid, :
_bEdiciones Martínez Roca,
_c2006.
300 _a495 p. ;
_c24 p.
500 _aIncluye índice onomástico
504 _aIncluye referencias bibliográficas y notas al pie de las páginas
999 _c35976
_d35976